000 02038cam a22004694i 4500
003 PE-LiUPU
005 20250731172805.0
008 150617s r 000 0 d
035 _a(Sirsi) a13340
040 _aPE-LiUPU
_bspa
_cPE-LiUPU
_erda
049 _aPRUA
082 0 4 _a220.6
_bH22
_221
100 1 _aHarrington, Wilfrid J.,
_eautor.
245 1 0 _aIniciación a la Biblia :
_bhistoria de la promesa; introducción general y antiguo testamento.
_n1 /
_cWilfrid J. Harrington.
264 1 _aSantander :
_b"Sal Terrae",
_c1967.
300 _a598 páginas :
_bil. ;
_c22 cm
336 _atext
_2rdacontent
337 _aunmediated
_2rdamedia
338 _avolume
_2rdacarrier
490 0 _aColección Palabra Inspirada ;
_v3
504 _aIncluye bibliografía.
505 0 _aIntroducción general a la biblia La palabra escrita -- La palabra de Dios a los hombres -- La palabra inspirada -- La psicología de la inspiración -- La palabra inerrante -- El canon de la escritura -- El texto de labiblia -- Criticismo bíblico -- Antiguo testamento: bosquejo histórico de Israel -- El pentateuco -- La historia deuteronómica -- Los libros proféticos -- La literatura de la sabiduría -- Los salmos -- Historia de los cronistas -- Los libros de los Macabeos -- Los escritos.
526 _aSEG42
526 _aSEG41
526 _aSEG40
526 _aSEG39
526 _aP94
526 _aP87
526 _aP86
526 _aP85
526 _aP77
526 _aP76
526 _aP35
630 _aBiblia
_xIntroducciones.
_92045
910 _ajck
_bjvq
_cjck
_d20150616
942 _2ddc
_cBOOK
949 _a220.6 H22 1
_wDEWEY
_c1
_i14538
_lCCODEBUL1
_mBUL
_p00.00
_r0
_sY
_tBOOK
_u19760622
_xTEOLOGIA
_PP35
_0COMPRA
_o.STAFF. Colección General
994 _aC0
_bPEPRU
596 _a1
999 _a220.6 H22 1
_wDEWEY
_c3699
_i14538
_d3699
_e2018-3-19
_f2021-11-9
_g5
_lCCODEBUL1
_mBUL
_n3
_q3
_r0
_sY
_tBOOK
_u2015-6-17
_xTEOLOGIA
_PP35
_0COMPRA
_o.STAFF. Colección General
980 _81
_gALBERTO SANCHEZ Responsable de Automatización